| 000 | 01032nam0a2200265 4500 | ||
|---|---|---|---|
| 001 | RU\NLR\BIBL_A\011870393 | ||
| 005 | 20260405200713.0 | ||
| 010 | _a10000 | ||
| 035 | _a(NLR Aleph) 011870393 | ||
| 090 |
_a13419526 _c13419526 |
||
| 100 | _a20181124d1975 |||y0rusy50 ca | ||
| 101 | 0 | _achv | |
| 102 | _aRU | ||
| 105 | _aa z 000 y | ||
| 200 | 1 |
_aВунпиллӗкре эпӗ, комбат... _eповеҫпе калав _fИван Лисаев _g[худож. Л. Я. Павлов] |
|
| 210 |
_aШупашкар _cЧӑваш кӗн. изд-ви _d1975 |
||
| 215 |
_a78, [2] с. _d20 |
||
| 541 | 1 |
_aПятнадцать лет мне, комбат... _eповесть и рассказ _zrus |
|
| 686 | 1 | _aШ9(2)6=Чув-4 | |
| 700 | 1 |
_aЛисаев _bИ. И. _gИван Иванович _4070 |
|
| 702 | 1 |
_4440 _7ca _8rus _aПавлов _bЛ. Я. _cхудожник, иллюстратор _gЛеонид Яковлевич _971242 _3RU\NLR\AUTH\7788314 |
|
| 852 |
_aNLR _bОНЛ _jЧув./2-1085 |
||
| 942 | _cBOOK | ||
| 980 | _aNB | ||